Matemática; solucionario /
Guardado en:
| Autor Principal: | |
|---|---|
| Formato: | Libro |
| Publicado: |
Madrid :
Santillana,
1981
|
| Materias: | |
| Etiquetas: |
Agregar Etiqueta
Sin Etiquetas, Sea el primero en etiquetar este registro!
|
| LEADER | 00891nam a22002295a 4500 | ||
|---|---|---|---|
| 001 | CEM.cems000522 | ||
| 005 | 20060210000000.0 | ||
| 008 | 130507s1981##################000#0#####d | ||
| 003 | CEMS | ||
| 082 | 0 | 4 | |a 510 |
| 100 | 1 | |a Anzola, Máximo | |
| 245 | 1 | 0 | |a Matemática; solucionario / |
| 260 | |a Madrid : |b Santillana, |c 1981 | ||
| 300 | |a 111 p. | ||
| 505 | 0 | |a Aplicaciones; Geometría vectorial y afin; Sucesiones. Limites. El numero e; Funciones reales de variable real. Limite y continuidad; Funciones circulares. Funciones exponencial y logaritmica; Derivadas y primitivas | |
| 653 | |a Combinatoria-ejercicios | ||
| 653 | |a Ecuaciones-ejercicios | ||
| 653 | |a Estadistica-ejercicios | ||
| 653 | |a Matematica | ||
| 653 | |a Matematica 5to. aÑo-ejercicios | ||
| 859 | |a CEMS |b BIB. CEMS - 11 de abril |h 510 |i An98-1/I |p 9222.81 |t Ej.1 | ||
| 859 | |a CEMS |b BIB. CEMS - 11 de abril |h 510 |i An98-1/I |p 9420.81 |t Ej.2 | ||
